| 000 | 00419nam a2200145Ia 4500 | ||
|---|---|---|---|
| 008 | 211109s9999||||xx |||||||||||||| ||und|| | ||
| 082 |
_a420 _bJES-G |
||
| 100 | _aJespersen, Otto | ||
| 245 | 0 | _aGrowth and Structure of the English Language | |
| 260 |
_bOxford University _aIndia _c2000 |
||
| 300 | _a244p. | ||
| 630 | _xGeneral Stack | ||
| 650 |
_aEnglish Language _vEnglish language--Etymology _xEnglish |
||
| 942 | _cBOOK | ||
| 999 |
_c29412 _d29412 |
||